000 00578nam a22002297a 4500
999 _c335743
_d335743
001 49632
003 UA-OsUOA
005 20200123182239.0
007 ta
008 20071010b un ||||| |||| 00| 0 ukr d
040 _aUA-OsUOA
_bukr
_cUA-OsUOA
_dUA-OsUOA
041 _aukr
080 _a821.161.2
090 _a821.161.2
_bК55
100 _aКобець О.
245 _aЗаписки полоненого
260 _aК.
_c1993
300 _a334 с.
650 7 _a82 Література. Літературознавство
_2UDC
942 _cBK
_2udc
955 _a3